| 000 | 00614nam a2200157Ia 4500 | ||
|---|---|---|---|
| 008 | 180921t2013 xxu||||| |||| 00| 0 sin d | ||
| 041 | _asin | ||
| 080 |
_a35.08 _bSRI |
||
| 245 | _aශ්රී ලංකා ප්රජාතාන්ත්රික සමාජවාදී ජනරජයේ ආයතන සංග්රහය 1 වැනි කාණ්ඩය | ||
| 246 | _aSri Lanka Prajathantrika Samajawadee Janarajaye Ayathana Sangrahaya,Part 1 | ||
| 260 |
_bGovernment Press _aColombo _c2013 |
||
| 300 | _b525p, 27cm | ||
| 942 | _cBK | ||
| 999 |
_c5429 _d5429 |
||
| 003 | LK-CoDNM | ||
| 040 |
_aLK-CoDNM _dLK-CoDNM _eLK-CoDNM |
||